The Mississippi rag.

Bibliographic Details
Format: Journal
Language:English
Published: [Minneapolis, Minn.] : [Mississippi Rag, Inc.], 1973-
Subjects:
Online Availability: Check for online availability

MARC

Tag First Indicator Second Indicator Subfields
LEADER 00000cas a2200000 a 4500
001 in00001629621
005 20151023063101.0
008 771123c19739999mnumr1pe 0 a0eng d
010 |a sn 84009607  
022 0 |a 0742-4612 
032 |a 095630  |b USPS 
035 |a (OCoLC)ocm03442159 
035 |a 1471727  |b MULS 
037 |b Mississippi Rag, PO Box 19068, Minneapolis, MN 55419 
040 |a MUL  |c MUL  |d NSD  |d AIP  |d NSD  |d IUL  |d NST  |d EBZ  |d NST  |d EYM  |d TXA  |d UtOrBLW 
042 |a nsdp  |a msc 
043 |a n-us--- 
049 |a TXAM 
090 |a ML3561.J3  |b M57 
210 0 |a Miss. rag 
222 4 |a The Mississippi rag 
245 0 4 |a The Mississippi rag. 
264 1 |a [Minneapolis, Minn.] :  |b [Mississippi Rag, Inc.],  |c 1973- 
300 |a volumes :  |b illustrations ;  |c 41 cm. 
310 |a Monthly 
336 |a text  |b txt  |2 rdacontent 
337 |a unmediated  |b n  |2 rdamedia 
338 |a volume  |b nc  |2 rdacarrier 
362 0 |a [Vol. 1, no. 1] (Nov. 1973)- 
500 |a Title from cover. 
510 1 |a Jazz index  |x 0344-5399 
650 0 |a Jazz  |x Periodicals. 
650 0 |a Ragtime music  |x Periodicals. 
776 1 |c Microfilm  |d New York Public Library  |w (OCoLC)27141634  |w (DLC)sn 92012380 
850 |a InU  |a MiU  |a MoU  |a NjR 
936 |a Vol. 3, no. 12 (Oct. 1976) LIC 
994 |a E0  |b TXA 
999 |a MARS 
999 f f |s c5bd5094-5269-32ea-b912-46ec9e2bdc60  |i d745e0b0-4528-3028-8e06-ce6f2457818f  |t 0 
952 f f |p storage  |a Texas A&M University  |b J.J. Pickle Campus  |c High Density Repository  |d Remote Storage  |t 0  |e ML3561.J3 M57  |f Oversize  |h Library of Congress classification  |i unmediated -- volume  |l 1989:Oct.-Dec.  |m A14828217173 
952 f f |p storage  |a Texas A&M University  |b J.J. Pickle Campus  |c High Density Repository  |d Remote Storage  |t 0  |e ML3561.J3 M57  |f Oversize  |h Library of Congress classification  |i unmediated -- volume  |l 1999:April  |m A14828217131 
998 f f |a ML3561.J3 M57  |s 1999:Apr.  |t 0  |l Remote Storage